Normal view
MARC view
- Vacuum-tubes
Entry Topical Term
001 - CONTROL NUMBER
- control field: 41611
003 - CONTROL NUMBER IDENTIFIER
- control field: NUST
005 - DATE AND TIME OF LATEST TRANSACTION
- control field: 20210314132106.0
008 - FIXED-LENGTH DATA ELEMENTS
- fixed length control field: 210314|| aca||aabn | a|a d
040 ## - CATALOGING SOURCE
- Original cataloging agency: NUST
- Transcribing agency: NUST
150 ## - HEADING--TOPICAL TERM
- Topical term or geographic name entry element: Vacuum-tubes
670 ## - SOURCE DATA FOUND
- Source citation: Work cat.: (NUST): Gillie, Angelo C. [from old catalog] 41609, How tubes and transistors amplify., 1959
